[Event "Barcelona Sant Marti op-A 23rd"]
[Site "Barcelona"]
[Date "2023.07.20"]
[Round "8"]
[White "Comellas Blanchart, Jordi"]
[Black "Cano Vila, Eduard"]
[Result "1-0"]
[WhiteElo "1986"]
[BlackElo "1841"]
[PlyCount "65"]
[EventDate "2023.07.13"]
[EventType "swiss"]
[EventRounds "9"]
[EventCountry "ESP"]
[SourceTitle "CBM 215 Extra"]
[Source "ChessBase"]
[SourceDate "2023.09.30"]
[SourceVersion "1"]
[SourceVersionDate "2023.09.30"]
[SourceQuality "1"]

1. d4 Nf6 2. c4 g6 3. g3 Bg7 4. Bg2 d6 5. Nc3 0-0 6. Nf3 Nc6 7. 0-0 a6 8. b3 Rb8 9. d5 Na5 10. Bg5 h6 11. Bd2 c5 12. dxc6 Nxc6 13. Rc1 Bd7 14. Ne1 b5 15. cxb5 axb5 16. Nxb5 Rxb5 17. Bxc6 Bxc6 18. Rxc6 Qd7 19. Rc4 Rh5 20. h4 d5 21. Ra4 Qh3 22. e3 Ne4 23. Ng2 e5 24. Be1 f5 25. Qxd5+ Kh8 26. Ra7 Ng5 27. f3 e4 28. Nf4 Nxf3+ 29. Rxf3 Qg4 30. Qd7 Rg8 31. Nxh5 gxh5 32. Rxf5 Qe2 33. Bf2 1-0

[Event "Foment Martinenc op-A 23rd"]
[Site "Barcelona"]
[Date "2023.06.17"]
[Round "9"]
[White "Chavarria Ferre, Josep"]
[Black "Cano Vila, Eduard"]
[Result "1-0"]
[WhiteElo "1937"]
[BlackElo "1813"]
[PlyCount "77"]
[EventDate "2023.04.22"]
[EventType "swiss"]
[EventRounds "9"]
[EventCountry "ESP"]
[SourceTitle "EXT 2024"]
[Source "ChessBase"]
[SourceDate "2023.10.10"]
[SourceVersion "1"]
[SourceVersionDate "2023.10.10"]
[SourceQuality "1"]

1. c4 e5 2. Nc3 Bb4 3. e4 Nc6 4. Nge2 Bc5 5. d3 d6 6. a3 a5 7. Be3 Bg4 8. Qd2 Bxe2 9. Nxe2 Nf6 10. h3 Qe7 11. g3 a4 12. Bg2 Na5 13. Rd1 Nb3 14. Qc2 Nd7 15. 0-0 Nf8 16. d4 Bb6 17. dxe5 dxe5 18. Bxb6 cxb6 19. Nc3 Ne6 20. Rd5 Nbd4 21. Qd2 Nc7 22. Rxd4 exd4 23. Qxd4 0-0 24. Nd5 Nxd5 25. cxd5 Qc5 26. Rd1 Rfc8 27. Qd2 Qc2 28. d6 Qxd2 29. Rxd2 Rc5 30. f4 f6 31. h4 Rd8 32. Kf2 Kf8 33. Bh3 b5 34. Be6 b6 35. Kf3 Re8 36. Bd5 h5 37. g4 g6 38. g5 fxg5 39. hxg5 1-0

[Event "ESP-ch U18"]
[Site "Salobrena"]
[Date "2020.08.21"]
[Round "8"]
[White "Galvan Cipriani, Viviana"]
[Black "Cano Vila, Eduard"]
[Result "1-0"]
[WhiteElo "2104"]
[BlackElo "1953"]
[PlyCount "63"]
[EventDate "2020.08.17"]
[EventType "swiss"]
[EventRounds "9"]
[EventCountry "ESP"]
[SourceTitle "CBM 197 Extra"]
[Source "ChessBase"]
[SourceDate "2020.09.30"]
[SourceVersion "1"]
[SourceVersionDate "2020.09.30"]
[SourceQuality "1"]

1. c4 e5 2. Nc3 Bb4 3. Nf3 Bxc3 4. dxc3 Nc6 5. Bg5 Nf6 6. Qc2 d6 7. e4 Be6 8. Bd3 h6 9. Bh4 Qe7 10. Nd2 g5 11. Bg3 Nh5 12. Nf1 Nf4 13. Ne3 f6 14. h4 Qf7 15. 0-0-0 0-0-0 16. f3 Nxd3+ 17. Qxd3 Ne7 18. Bf2 c6 19. hxg5 fxg5 20. b3 d5 21. cxd5 cxd5 22. exd5 Nxd5 23. Nxd5 Rxd5 24. Qc4+ Kb8 25. Rxd5 Bxd5 26. Qc5 b6 27. Qd6+ Kb7 28. Bg3 e4 29. Be5 Rf8 30. Rxh6 exf3 31. Rf6 f2 32. Qxf8 1-0

[Event "ESP-ch U18"]
[Site "Salobrena"]
[Date "2020.08.19"]
[Round "4"]
[White "Marti Olivella, Gerard"]
[Black "Cano Vila, Eduard"]
[Result "1-0"]
[WhiteElo "1816"]
[BlackElo "1953"]
[PlyCount "75"]
[EventDate "2020.08.17"]
[EventType "swiss"]
[EventRounds "9"]
[EventCountry "ESP"]
[SourceTitle "CBM 197 Extra"]
[Source "ChessBase"]
[SourceDate "2020.09.30"]
[SourceVersion "1"]
[SourceVersionDate "2020.09.30"]
[SourceQuality "1"]

1. e4 e5 2. Nf3 Nc6 3. c3 Nf6 4. d4 Nxe4 5. d5 Bc5 6. dxc6 Bxf2+ 7. Ke2 Bb6 8. Be3 Bxe3 9. Kxe3 bxc6 10. Kxe4 d5+ 11. Ke3 Qf6 12. Qa4 e4 13. Nbd2 0-0 14. Qd4 Qh6+ 15. Kf2 Rb8 16. b3 f5 17. Be2 Bb7 18. Rhf1 Rbe8 19. Kg1 c5 20. Qf2 e3 21. Qh4 Qxh4 22. Nxh4 exd2 23. Bd3 f4 24. Rad1 g5 25. Nf3 g4 26. Nxd2 Re3 27. Nb1 f3 28. gxf3 gxf3 29. Kf2 Rfe8 30. Rfe1 d4 31. cxd4 cxd4 32. Bc4+ Kf8 33. Rg1 R8e5 34. Rxd4 Ke7 35. Rg7+ Kf6 36. Rxc7 Ba8 37. Rxa7 Re8 38. Rxa8 1-0

[Event "Barcelona Sant Marti op 21st"]
[Site "Barcelona"]
[Date "2019.07.19"]
[Round "7"]
[White "Cano Vila, Eduard"]
[Black "Ribera Veganzones, Josep Maria"]
[Result "0-1"]
[WhiteElo "1800"]
[BlackElo "1962"]
[PlyCount "84"]
[EventDate "2019.07.13"]
[EventType "swiss"]
[EventRounds "9"]
[EventCountry "ESP"]
[SourceTitle "EXT 2020"]
[Source "ChessBase"]
[SourceDate "2019.10.17"]
[SourceVersion "1"]
[SourceVersionDate "2019.10.17"]
[SourceQuality "1"]

1. d4 c5 2. c3 d5 3. Bf4 Nf6 4. e3 Nc6 5. Nd2 e6 6. Ngf3 Bd6 7. Bg3 0-0 8. Bd3 b6 9. e4 dxe4 10. Nxe4 Nxe4 11. Bxe4 Bb7 12. Qa4 Na5 13. dxc5 Bxc5 14. Rd1 Qf6 15. Bh4 Qh6 16. Bg5 Qh5 17. g4 Qh3 18. Ng1 b5 19. Qxa5 Qxg4 20. Bxb7 Rab8 21. Be3 Bxe3 22. Bf3 Qh4 23. Rd3 Qxf2+ 24. Kd1 Qf1+ 25. Kc2 Bxg1 26. Qc7 Qf2+ 27. Kb1 Qb6 28. Qf4 Bc5 29. Rf1 b4 30. c4 Rbd8 31. Rb3 Rd4 32. Qg5 Rxc4 33. Be2 Rd4 34. Rg3 g6 35. Rh3 f5 36. Rg3 Qd8 37. Qc1 Qe7 38. Bc4 Re4 39. Rh1 Bf2 40. Rg2 Bh4 41. Rhg1 Bf6 42. Qh6 Rxc4 0-1

[Event "Barcelona Sant Marti op-B 20th"]
[Site "Barcelona"]
[Date "2018.07.19"]
[Round "7"]
[White "Carrey Abellan, Enric"]
[Black "Cano Vila, Eduard"]
[Result "1-0"]
[WhiteElo "1855"]
[BlackElo "1694"]
[PlyCount "133"]
[EventDate "2018.07.13"]
[EventType "swiss"]
[EventRounds "9"]
[EventCountry "ESP"]
[SourceTitle "EXT 2019"]
[Source "ChessBase"]
[SourceDate "2018.10.10"]
[SourceVersion "1"]
[SourceVersionDate "2018.10.10"]
[SourceQuality "1"]

1. d4 Nf6 2. c4 g6 3. Nc3 Bg7 4. e4 d6 5. Be2 0-0 6. Nf3 e5 7. d5 a5 8. Bg5 h6 9. Bh4 Na6 10. Nd2 Nc5 11. 0-0 g5 12. Bg3 Qe8 13. Kh1 h5 14. f3 h4 15. Bf2 Nh5 16. Be3 Nf4 17. Rb1 f6 18. Rg1 Qg6 19. g4 hxg3 20. Rxg3 Rf7 21. Bf1 Nh5 22. Rg2 Bf8 23. a3 a4 24. b4 axb3 25. Nxb3 Nxb3 26. Rxb3 Rh7 27. Ne2 Qh6 28. f4 Bh3 29. Rf2 Bxf1 30. Qxf1 exf4 31. Bd4 g4 32. Rg2 Kh8 33. Nxf4 Nxf4 34. Be3 Re8 35. Bxf4 Qg6 36. Rbg3 Rh4 37. Qe1 f5 38. e5 dxe5 39. Bxe5+ Kg8 40. Re3 Qh7 41. Bg3 Rxe3 42. Qxe3 Rh6 43. Qg5+ Qg6 44. Qxg6+ Rxg6 45. Bxc7 Bxa3 46. Rd2 Bd6 47. Bxd6 Rxd6 48. c5 Rd8 49. d6 Kf7 50. Re2 Rd7 51. Kg2 Kf6 52. Kg3 Kg5 53. Re7 f4+ 54. Kg2 Rd8 55. Rxb7 Ra8 56. Rb2 f3+ 57. Kg3 Rh8 58. d7 Rh3+ 59. Kf2 Rxh2+ 60. Ke3 Rxb2 61. d8Q+ Kf5 62. Qd5+ Kg6 63. Qe4+ Kf7 64. Qf4+ Kg8 65. Qxg4+ Kf7 66. Qxf3+ Ke7 67. Qe4+ 1-0

[Event "Barcelona Sant Marti op-B 20th"]
[Site "Barcelona"]
[Date "2018.07.17"]
[Round "5"]
[White "Fernandez Egea, Andres"]
[Black "Cano Vila, Eduard"]
[Result "1-0"]
[WhiteElo "1876"]
[BlackElo "1694"]
[PlyCount "69"]
[EventDate "2018.07.13"]
[EventType "swiss"]
[EventRounds "9"]
[EventCountry "ESP"]
[SourceTitle "EXT 2019"]
[Source "ChessBase"]
[SourceDate "2018.10.10"]
[SourceVersion "1"]
[SourceVersionDate "2018.10.10"]
[SourceQuality "1"]

1. Nf3 Nf6 2. g3 g6 3. d3 Bg7 4. e4 d6 5. Bg2 e5 6. 0-0 Nbd7 7. h3 c6 8. Be3 Nf8 9. a4 Ne6 10. Na3 h5 11. Nc4 0-0 12. Qd2 Qe7 13. Qb4 c5 14. Qd2 Nh7 15. Kh2 g5 16. c3 Bf6 17. Qe2 g4 18. Nfd2 gxh3 19. Bh1 Ng7 20. f4 Bg4 21. Bf3 Bxf3 22. Qxf3 exf4 23. gxf4 Bh4 24. Rg1 Nf6 25. e5 Ng4+ 26. Kxh3 Qd7 27. Kxh4 Kh8 28. Nxd6 Rad8 29. Bxc5 Qe7+ 30. Kh3 Qe6 31. Rxg4 hxg4+ 32. Qxg4 Qxg4+ 33. Kxg4 f5+ 34. Kf3 b6 35. Bb4 1-0

[Event "Foment Martinenc op-B 20th"]
[Site "Barcelona"]
[Date "2018.06.02"]
[Round "7"]
[White "Cano Vila, Eduard"]
[Black "Alvarez Albiol, Daniel"]
[Result "0-1"]
[WhiteElo "1585"]
[BlackElo "1681"]
[PlyCount "140"]
[EventDate "2018.04.21"]
[EventType "swiss"]
[EventRounds "9"]
[EventCountry "ESP"]
[SourceTitle "CBM 184 Extra"]
[Source "ChessBase"]
[SourceDate "2018.06.28"]
[SourceVersion "1"]
[SourceVersionDate "2018.06.28"]
[SourceQuality "1"]

1. e4 c5 2. Nc3 e6 3. f4 d5 4. Bb5+ Nc6 5. Nf3 a6 6. Bxc6+ bxc6 7. e5 Ne7 8. d3 Nf5 9. a4 a5 10. Ne2 Be7 11. 0-0 0-0 12. c3 Ba6 13. g4 Nh4 14. Ng3 Nxf3+ 15. Rxf3 f6 16. d4 cxd4 17. cxd4 c5 18. Be3 Qb6 19. Kh1 Rac8 20. f5 fxe5 21. dxc5 Bxc5 22. Bxc5 Rxc5 23. fxe6 Qxe6 24. Nf5 Bb7 25. Qb3 Rf7 26. Raf1 Rcc7 27. Kg1 Qg6 28. Qe3 d4 29. Qb3 Qc6 30. R1f2 Qd5 31. Qb5 Qxb5 32. axb5 Bxf3 33. Rxf3 e4 34. Rb3 Rxf5 35. gxf5 Kf7 36. b6 Rb7 37. Kf2 Kf6 38. Rb5 Kg5 39. f6+ Kxf6 40. h4 h6 41. b3 g5 42. hxg5+ hxg5 43. Rxa5 Rxb6 44. Rd5 Rxb3 45. Rxd4 Kf5 46. Rd8 Rf3+ 47. Ke2 Kf4 48. Rf8+ Kg3 49. Re8 Rf4 50. Ke3 g4 51. Ra8 Rf3+ 52. Kxe4 Kg2 53. Ra2+ Rf2 54. Ra8 g3 55. Ke3 Kg1 56. Rg8 g2 57. Ra8 Rf1 58. Rg8 Rf7 59. Ke2 Rf6 60. Rg7 Re6+ 61. Kd2 Re4 62. Kd3 Rh4 63. Ke2 Kh1 64. Kf2 Rf4+ 65. Ke3 Ra4 66. Rh7+ Kg1 67. Ke2 Ra2+ 68. Kf3 Rf2+ 69. Ke3 Kf1 70. Ra7 g1Q 0-1

[Event "Foment Martinenc op-B 20th"]
[Site "Barcelona"]
[Date "2018.05.12"]
[Round "4"]
[White "Mercader Rubio, Luis"]
[Black "Cano Vila, Eduard"]
[Result "1-0"]
[WhiteElo "1727"]
[BlackElo "1585"]
[PlyCount "105"]
[EventDate "2018.04.21"]
[EventType "swiss"]
[EventRounds "9"]
[EventCountry "ESP"]
[SourceTitle "CBM 184 Extra"]
[Source "ChessBase"]
[SourceDate "2018.06.28"]
[SourceVersion "1"]
[SourceVersionDate "2018.06.28"]
[SourceQuality "1"]

1. d4 Nf6 2. c4 g6 3. Nc3 Bg7 4. e4 0-0 5. Be3 d6 6. f3 Nc6 7. h4 e5 8. d5 Ne7 9. g4 h5 10. gxh5 Nxh5 11. Bh3 f5 12. Bg5 Bf6 13. Qd2 f4 14. Bxf6 Rxf6 15. 0-0-0 Bxh3 16. Nxh3 c6 17. Ng5 Rc8 18. Kb1 cxd5 19. Nxd5 Rc6 20. Nxf6+ Nxf6 21. b3 a5 22. c5 a4 23. cxd6 Nc8 24. d7 Nd6 25. Rc1 Rb6 26. Rc3 Qxd7 27. Rd1 Qe7 28. Rdc1 Nb5 29. Rc8+ Kg7 30. Qd8 Qxd8 31. Rxd8 axb3 32. axb3 Rc6 33. Rxc6 bxc6 34. Kb2 Nd4 35. Kc3 Ng8 36. Rd7+ Kf8 37. Kc4 Ke8 38. Rg7 Ne7 39. b4 Kd7 40. Rh7 Kd6 41. Rh8 Kd7 42. Ra8 Nc8 43. Ra1 Nd6+ 44. Kd3 N6b5 45. Rf1 Kd6 46. Rc1 Nb3 47. Rf1 N3d4 48. Ra1 Nb3 49. Ra8 N3d4 50. Rg8 Ke7 51. Rxg6 Nd6 52. h5 Nf7 53. Rg7 1-0

[Event "Foment Martinenc op-B 19st"]
[Site "Barcelona"]
[Date "2017.06.17"]
[Round "9.10"]
[White "Cano Vila, Eduard"]
[Black "Ibanez Camara, Oscar"]
[Result "1-0"]
[WhiteElo "1593"]
[BlackElo "1608"]
[PlyCount "45"]
[EventDate "2017.04.22"]
[EventType "swiss"]
[EventRounds "9"]
[EventCountry "ESP"]
[SourceTitle "EXT 2024"]
[Source "ChessBase"]
[SourceDate "2023.10.10"]
[SourceVersion "1"]
[SourceVersionDate "2023.10.10"]
[SourceQuality "1"]

1. e4 c5 2. Nc3 d6 3. f4 Nf6 4. Nf3 Nc6 5. Bc4 e6 6. d3 Be7 7. 0-0 0-0 8. Qe1 d5 9. Bb3 Na5 10. Qg3 Nxb3 11. axb3 Re8 12. Ne5 Bf8 13. Ng4 Nxg4 14. Qxg4 dxe4 15. dxe4 Qd4+ 16. Kh1 f5 17. Qg3 fxe4 18. Be3 Qf6 19. Nxe4 Qf5 20. Qf3 e5 21. g4 Qxg4 22. Nf6+ gxf6 23. Rg1 1-0

[Event "Barcelona Sant Marti op-B 18th"]
[Site "Barcelona"]
[Date "2016.07.19"]
[Round "7.56"]
[White "Gomez Guinovart, Josep Manel"]
[Black "Cano Vila, Eduard"]
[Result "0-1"]
[WhiteElo "1733"]
[BlackElo "1353"]
[PlyCount "60"]
[EventDate "2016.07.13"]
[EventType "swiss"]
[EventRounds "9"]
[EventCountry "ESP"]
[SourceTitle "EXT 2024"]
[Source "ChessBase"]
[SourceDate "2023.10.10"]
[SourceVersion "1"]
[SourceVersionDate "2023.10.10"]
[SourceQuality "1"]

1. d4 Nf6 2. Bf4 d6 3. Nf3 g6 4. e3 Bg7 5. Bd3 0-0 6. 0-0 c5 7. c3 Nc6 8. a3 b6 9. Qe2 Nd5 10. Bg3 cxd4 11. cxd4 Nf6 12. Nc3 Bb7 13. Rac1 Re8 14. Rfd1 d5 15. h3 Nh5 16. Bh2 e5 17. dxe5 Nxe5 18. Bb5 Nxf3+ 19. Qxf3 Re6 20. Bc4 Rf6 21. Qe2 Rc8 22. Be5 Rf5 23. Bxg7 Kxg7 24. e4 Rg5 25. Bxd5 Rxg2+ 26. Kh1 Qh4 27. Qe3 Bxd5 28. Nxd5 Rxc1 29. Rxc1 Qxf2 30. Qc3+ Kh6 0-1

[Event "Barcelona Sant Marti op-B 18th"]
[Site "Barcelona"]
[Date "2016.07.17"]
[Round "5.42"]
[White "Cano Vila, Eduard"]
[Black "Nandhini, Saripalli"]
[Result "0-1"]
[WhiteElo "1353"]
[BlackElo "1716"]
[PlyCount "70"]
[EventDate "2016.07.13"]
[EventType "swiss"]
[EventRounds "9"]
[EventCountry "ESP"]
[SourceTitle "EXT 2024"]
[Source "ChessBase"]
[SourceDate "2023.10.10"]
[SourceVersion "1"]
[SourceVersionDate "2023.10.10"]
[SourceQuality "1"]

1. e4 e5 2. Nf3 Nc6 3. Bb5 a6 4. Ba4 Nf6 5. 0-0 Be7 6. Re1 b5 7. Bb3 d6 8. c3 0-0 9. h3 Na5 10. Bc2 c5 11. d4 Qc7 12. Nbd2 Bd7 13. Nf1 cxd4 14. cxd4 Rac8 15. Bd3 Nc6 16. Be3 exd4 17. Nxd4 Ne5 18. Rc1 Qb7 19. Ng3 Nxd3 20. Qxd3 Rfe8 21. Bf4 Rxc1 22. Rxc1 d5 23. Rc7 dxe4 24. Nxe4 Qxe4 25. Qxe4 Nxe4 26. Rxd7 Nf6 27. Rb7 Nd5 28. Bd2 h6 29. Nf5 Bc5 30. Rd7 Nf6 31. Rc7 Ne4 32. Ne3 Rd8 33. b4 Bd6 34. Rc2 Nxd2 35. Rxd2 Bh2+ 0-1

[Event "Barcelona Sant Marti op-B 18th"]
[Site "Barcelona"]
[Date "2016.07.16"]
[Round "4.29"]
[White "Martinez Balaguer, Josep Maria"]
[Black "Cano Vila, Eduard"]
[Result "1-0"]
[WhiteElo "1834"]
[BlackElo "1353"]
[PlyCount "45"]
[EventDate "2016.07.13"]
[EventType "swiss"]
[EventRounds "9"]
[EventCountry "ESP"]
[SourceTitle "EXT 2024"]
[Source "ChessBase"]
[SourceDate "2023.10.10"]
[SourceVersion "1"]
[SourceVersionDate "2023.10.10"]
[SourceQuality "1"]

1. c4 Nf6 2. Nc3 g6 3. Nf3 Bg7 4. g3 0-0 5. Bg2 d6 6. 0-0 Bg4 7. h3 Be6 8. Ng5 c6 9. Nxe6 fxe6 10. d4 Nbd7 11. e4 e5 12. Be3 exd4 13. Bxd4 c5 14. Be3 Ne5 15. Qe2 Qd7 16. Rad1 Qe6 17. b3 Nfd7 18. Nd5 Qf7 19. f4 Nc6 20. e5 e6 21. Nc7 Rad8 22. Nxe6 Qxe6 23. Bd5 1-0

[Event "Barcelona Sant Marti op-B 18th"]
[Site "Barcelona"]
[Date "2016.07.14"]
[Round "2.55"]
[White "Martin Sanchez, Antoni"]
[Black "Cano Vila, Eduard"]
[Result "0-1"]
[WhiteElo "1678"]
[BlackElo "1353"]
[PlyCount "88"]
[EventDate "2016.07.13"]
[EventType "swiss"]
[EventRounds "9"]
[EventCountry "ESP"]
[SourceTitle "EXT 2024"]
[Source "ChessBase"]
[SourceDate "2023.10.10"]
[SourceVersion "1"]
[SourceVersionDate "2023.10.10"]
[SourceQuality "1"]

1. d4 Nf6 2. Nf3 g6 3. Nbd2 Bg7 4. e4 d6 5. Bd3 0-0 6. 0-0 c5 7. c3 Qb6 8. Nc4 Qc7 9. h3 b5 10. Ne3 Bb7 11. e5 dxe5 12. dxe5 Nfd7 13. Bxb5 Nxe5 14. Nxe5 Bxe5 15. Ng4 Bd6 16. Bh6 Rd8 17. Qe2 a6 18. Bc4 Qc6 19. f4 Qe4 20. Rae1 Qxe2 21. Rxe2 e6 22. Bg5 Rf8 23. Bh6 Rd8 24. Bg5 Rf8 25. Rd2 Bc7 26. Rfd1 Bc8 27. Bh6 f5 28. Bxf8 Kxf8 29. Ne5 Ke7 30. g3 Ra7 31. Re1 Bb6 32. Kh2 Rc7 33. Rde2 Nc6 34. Nf3 Nd8 35. Ng5 Rc6 36. Nxh7 Nf7 37. h4 Bc7 38. Kg2 Rd6 39. Kf2 Bb6 40. Rh1 Bb7 41. Rh2 Nh6 42. Ke1 Ng4 43. Rh3 Bf3 44. Rc2 Rd1# 0-1

[Event "Foment Martinenc op-B 18th"]
[Site "Barcelona"]
[Date "2016.06.04"]
[Round "7"]
[White "Cano Vila, Eduard"]
[Black "Roig Martinez, Salvador"]
[Result "0-1"]
[WhiteElo "1240"]
[BlackElo "1626"]
[PlyCount "44"]
[EventDate "2016.04.23"]
[EventType "swiss"]
[EventRounds "9"]
[EventCountry "ESP"]
[SourceTitle "EXT 2017"]
[Source "ChessBase"]
[SourceDate "2016.10.25"]
[SourceVersion "1"]
[SourceVersionDate "2016.10.25"]
[SourceQuality "1"]

1. e4 c5 2. c3 Nc6 3. Nf3 e5 4. Bb5 Qc7 5. 0-0 h6 6. d4 cxd4 7. cxd4 exd4 8. Nxd4 a6 9. Bc4 Bc5 10. Bxf7+ Kxf7 11. Qh5+ g6 12. Qxc5 d6 13. Qd5+ Kg7 14. Bf4 Ne5 15. Rc1 Qe7 16. Nf3 Nf6 17. Bxe5 dxe5 18. Qa5 Bd7 19. Qxe5 Qxe5 20. Nxe5 Rac8 21. Rxc8 Rxc8 22. Nxd7 Rc1# 0-1

[Event "Foment Martinenc op-B 18th"]
[Site "Barcelona"]
[Date "2016.05.28"]
[Round "6"]
[White "Parra Ordorica, Gorka"]
[Black "Cano Vila, Eduard"]
[Result "1-0"]
[WhiteElo "1271"]
[BlackElo "1240"]
[PlyCount "93"]
[EventDate "2016.04.23"]
[EventType "swiss"]
[EventRounds "9"]
[EventCountry "ESP"]
[SourceTitle "EXT 2017"]
[Source "ChessBase"]
[SourceDate "2016.10.25"]
[SourceVersion "1"]
[SourceVersionDate "2016.10.25"]
[SourceQuality "1"]

1. e4 e5 2. Nf3 Nc6 3. Bb5 a6 4. Ba4 d6 5. 0-0 Bg4 6. h3 h5 7. c3 Qf6 8. d3 Bxf3 9. Qxf3 Qxf3 10. gxf3 b5 11. Bb3 Be7 12. Bd5 Kd7 13. Bxf7 Rf8 14. Bg6 Rxf3 15. Bf5+ Kd8 16. Be3 Nh6 17. Nd2 Rxf5 18. exf5 Nxf5 19. Ne4 d5 20. Ng3 Nd6 21. Rfe1 h4 22. Ne2 g5 23. Kh2 Nf5 24. Bd2 Rg8 25. Rg1 e4 26. dxe4 dxe4 27. Rad1 Kc8 28. Bf4 Nd8 29. Nd4 Nh6 30. Be3 Bd6+ 31. Kh1 c5 32. Nb3 Be7 33. Rd5 c4 34. Nc5 Nhf7 35. Nxe4 Ne6 36. f4 Nc7 37. Rd2 Ne6 38. Rdg2 Rf8 39. fxg5 Ne5 40. Rf2 Rxf2 41. Nxf2 Nf3 42. Rf1 Nfxg5 43. Bxg5 Nxg5 44. Kg2 Kd7 45. Re1 Bf6 46. Ng4 Kd6 47. Nxf6 1-0

[Event "Foment Martinenc op-B 18th"]
[Site "Barcelona"]
[Date "2016.05.14"]
[Round "4"]
[White "Castillo Garrido, Alex"]
[Black "Cano Vila, Eduard"]
[Result "0-1"]
[WhiteElo "1472"]
[BlackElo "1240"]
[PlyCount "40"]
[EventDate "2016.04.23"]
[EventType "swiss"]
[EventRounds "9"]
[EventCountry "ESP"]
[SourceTitle "EXT 2017"]
[Source "ChessBase"]
[SourceDate "2016.10.25"]
[SourceVersion "1"]
[SourceVersionDate "2016.10.25"]
[SourceQuality "1"]

1. c4 Nf6 2. g3 g6 3. Bg2 Bg7 4. Nc3 d6 5. e4 0-0 6. Nge2 c5 7. 0-0 Nc6 8. d3 e6 9. h3 Re8 10. Be3 Ne7 11. d4 d5 12. cxd5 exd5 13. e5 Nd7 14. dxc5 Nxe5 15. Nxd5 Nxd5 16. Qxd5 Qxd5 17. Bxd5 Bxh3 18. Rfd1 Bg4 19. Kf1 Nf3 20. Bxb7 Bh3# 0-1

[Event "Barcelona Sant Marti op-B 17th"]
[Site "Barcelona"]
[Date "2015.07.20"]
[Round "8"]
[White "Domenche Redondo, Francesco"]
[Black "Cano Vila, Eduard"]
[Result "1-0"]
[WhiteElo "1947"]
[BlackElo "1804"]
[PlyCount "71"]
[EventDate "2015.07.13"]
[EventType "swiss"]
[EventRounds "9"]
[EventCountry "ESP"]
[SourceTitle "EXT 2016"]
[Source "ChessBase"]
[SourceDate "2015.10.08"]
[SourceVersion "1"]
[SourceVersionDate "2015.10.08"]
[SourceQuality "1"]

1. d4 Nf6 2. Nf3 g6 3. e3 Bg7 4. Bd3 0-0 5. Nbd2 d6 6. b3 c5 7. Bb2 Nbd7 8. 0-0 b6 9. c4 Bb7 10. d5 e6 11. dxe6 fxe6 12. Qc2 Qe7 13. Rfe1 Rae8 14. Rad1 Nh5 15. Ne4 Bxb2 16. Qxb2 Qg7 17. Qa3 a6 18. Nxd6 Bxf3 19. gxf3 Ra8 20. Be4 Rad8 21. Nb7 Ra8 22. Rd6 Ne5 23. f4 Qf6 24. Rxe6 Qxe6 25. Bd5 Nf3+ 26. Kf1 Qxd5 27. cxd5 Nxe1 28. Kxe1 Nf6 29. b4 Nxd5 30. Qb3 Rf5 31. e4 Rxf4 32. Qxd5+ Kg7 33. Qe5+ Rf6 34. bxc5 bxc5 35. Nxc5 Rd8 36. Qe7+ 1-0

[Event "Barcelona Sant Marti op-B 17th"]
[Site "Barcelona"]
[Date "2015.07.16"]
[Round "4"]
[White "Cano Vila, Eduard"]
[Black "Subirana Santos, Marc"]
[Result "0-1"]
[WhiteElo "1804"]
[BlackElo "1949"]
[PlyCount "36"]
[EventDate "2015.07.13"]
[EventType "swiss"]
[EventRounds "9"]
[EventCountry "ESP"]
[SourceTitle "EXT 2016"]
[Source "ChessBase"]
[SourceDate "2015.10.08"]
[SourceVersion "1"]
[SourceVersionDate "2015.10.08"]
[SourceQuality "1"]

1. e4 g6 2. d4 Bg7 3. Nc3 a6 4. Nf3 d6 5. Be3 Nd7 6. Be2 Ngf6 7. h3 b5 8. b4 Bb7 9. Bd3 0-0 10. 0-0 Nb6 11. Nd2 Rc8 12. f4 e6 13. f5 Nbd7 14. a3 c5 15. bxc5 dxc5 16. dxc5 Nxc5 17. Bxc5 Rxc5 18. Nb3 Rxc3 0-1